Eloise en París / (Record no. 16310)

MARC details
000 -LEADER
fixed length control field 01609cam a2200409Ii 4500
001 - CONTROL NUMBER
control field sjds884710
003 - CONTROL NUMBER IDENTIFIER
control field sjds
005 - DATE AND TIME OF LATEST TRANSACTION
control field 20161014133619.0
008 - FIXED-LENGTH DATA ELEMENTS--GENERAL INFORMATION
fixed length control field 010711s2001 sp a b 000 1 spa d
020 ## - INTERNATIONAL STANDARD BOOK NUMBER
International Standard Book Number 8426437397
Qualifying information (hbk.)
020 ## - INTERNATIONAL STANDARD BOOK NUMBER
International Standard Book Number 9788426437396
Qualifying information (hbk.)
040 ## - CATALOGING SOURCE
Original cataloging agency CS1
Language of cataloging eng
Description conventions rda
Transcribing agency CS1
Modifying agency TEF
-- OCLCQ
-- BAKER
-- MCCPP
-- OCLCA
-- OCLCQ
-- FNO
-- OCLCQ
-- BDX
-- OCLCF
-- OCLCQ
-- IFA
041 1# - LANGUAGE CODE
Language code of text/sound track or separate title spa
Language code of original eng
043 ## - GEOGRAPHIC AREA CODE
Geographic area code e-fr---
049 ## - LOCAL HOLDINGS (OCLC)
Holding library IFAA
099 ## - LOCAL FREE-TEXT CALL NUMBER (OCLC)
Filing suffix 2001
999 ## - SYSTEM CONTROL NUMBERS (KOHA)
Koha Dewey Subclass [OBSOLETE] ESPANOL PICTURE BOOKS THOMPSON 2001
100 1# - MAIN ENTRY--PERSONAL NAME
Personal name Thompson, Kay,
Dates associated with a name 1909-1998.
240 10 - UNIFORM TITLE
Uniform title <a href="Eloise in Paris.">Eloise in Paris.</a>
Language of a work Spanish
245 10 - TITLE STATEMENT
Title Eloise en París /
Statement of responsibility, etc. Kay Thompson ; dibujos de Hilary Knight ; traducción, Humpty Dumpty.
250 ## - EDITION STATEMENT
Edition statement Primera edición.
260 ## - PUBLICATION, DISTRIBUTION, ETC. (IMPRINT)
Place of publication, distribution, etc. Barcelona :
Name of publisher, distributor, etc. Lumen,
Date of publication, distribution, etc. 2001.
264 #1 - PRODUCTION, PUBLICATION, DISTRIBUTION, MANUFACTURE, AND COPYRIGHT NOTICE
Place of production, publication, distribution, manufacture Barcelona :
Name of producer, publisher, distributor, manufacturer Lumen,
Date of production, publication, distribution, manufacture, or copyright notice 2001.
300 ## - PHYSICAL DESCRIPTION
Extent 65 pages :
Other physical details color illustrations ;
Dimensions 29 cm
336 ## - CONTENT TYPE
Content type term text
Content type code txt
Source rdacontent
337 ## - MEDIA TYPE
Media type term unmediated
Media type code n
Source rdamedia
338 ## - CARRIER TYPE
Carrier type term volume
Carrier type code nc
Source rdacarrier
520 ## - SUMMARY, ETC.
Summary, etc. The talkative and precocious Eloise visits Paris with her nanny, enjoys it immensely, and learns several French words and phrases.
520 ## - SUMMARY, ETC.
Summary, etc. La habladora y precoz Eloise visita Paris con su niñera, lo disfruta inmensamente, y aprende varias palabras y oraciones frensesas.
546 ## - LANGUAGE NOTE
Language note In Spanish.
650 #0 - SUBJECT ADDED ENTRY--TOPICAL TERM
Topical term or geographic name as entry element Eloise (Fictitious character : Thompson)
Form subdivision Juvenile literature.
651 #0 - SUBJECT ADDED ENTRY--GEOGRAPHIC NAME
Geographic name Paris (France)
Form subdivision Juvenile fiction.
651 #7 - SUBJECT ADDED ENTRY--GEOGRAPHIC NAME
Geographic name París (Francia)
General subdivision Novela juvenil.
Source of heading or term bidex
700 1# - ADDED ENTRY--PERSONAL NAME
Personal name Knight, Hilary,
Relator term illustrator.
700 1# - ADDED ENTRY--PERSONAL NAME
Personal name Dumpty, Humpty,
Relator term translator.
942 ## - ADDED ENTRY ELEMENTS (KOHA)
Koha item type Libro/Book
Holdings
Withdrawn status Lost status Damaged status Not for loan Home library Current library Date acquired Total Checkouts Barcode Date last seen Date checked out Price effective from Koha item type
        Sevadilla -- Satellite San Juan Del Sur -- Biblioteca 14/10/2016 1 35400794 28/06/2023 22/03/2021 14/10/2016 Libro/Book

Powered by Koha